| 000 | 01253nab a2200241 i 4500 | ||
|---|---|---|---|
| 001 | 768714001 | ||
| 003 | CO-MdFUSB | ||
| 005 | 20260306160212.0 | ||
| 008 | 240710t1989 sz ||||| |||| 00| 0 eng d | ||
| 040 |
_bspa _cCO-MdFUSB _dCO-MdFUSB |
||
| 041 | _aeng | ||
| 100 |
_aSchaeffer, Jill, _eautor |
||
| 245 |
_aSection II : _bmission and unity _c/ Jill Schaeffer |
||
| 520 | _aParece claro que los asuntos misioneros son una preocupación importante para las iglesias reformadas. ¿Cómo entendemos la misión apostólica de la Iglesia? ¿Qué es la misión? ¿Qué es evangelismo?. Ha pasado mucho tiempo desde que estas cuestiones aparecieron en la agenda de la Alianza Mundial de Iglesias Reformadas. Por lo tanto, es necesario reexaminar la cuestión y determinar cómo podemos hoy someternos al llamado de Cristo al trabajo misionero y a la unidad. | ||
| 546 | _aTexto en inglés. | ||
| 650 | 0 |
_aMisiones _9154 |
|
| 650 | 0 |
_aEvangelización _9362 |
|
| 650 | 0 |
_aReforma de la iglesia _9958 |
|
| 650 | 7 |
_aCristología _9239 |
|
| 773 | 0 |
_049396 _982825 _dGinebra _oR2677 _tReformed World _w(CO-MdFUSB)38 _x0034-3056 _gVolumen 40, (número 5, 1989) páginas: 75 - 82 _qpágina: 75 |
|
| 942 | _cANA | ||
| 945 | _aCatherine Arias Álvarez - Practicante SENA | ||
| 999 |
_c70478 _d70478 |
||